[Event "IND-chT (Women) 32nd"]
[Site "Panaji"]
[Date "2012.02.29"]
[Round "3"]
[White "Saranya, J."]
[Black "Visalatchi, R."]
[Result "1-0"]
[WhiteElo "2089"]
[BlackElo "1948"]
[PlyCount "95"]
[EventDate "2012.02.27"]
[EventType "team-swiss"]
[EventRounds "7"]
[EventCountry "IND"]
[SourceTitle "CBM 147 Extra"]
[Source "ChessBase"]
[SourceDate "2012.04.24"]
[SourceVersion "1"]
[SourceVersionDate "2012.04.24"]
[SourceQuality "1"]
[WhiteTeam "Petroleum Sports (W)"]
[BlackTeam "Tamil Nadu State (W)"]
[WhiteTeamCountry "IND"]
[BlackTeamCountry "IND"]

1. e4 c5 2. Nf3 e6 3. d4 cxd4 4. Nxd4 a6 5. c4 Qc7 6. a3 Nf6 7. Nc3 Nc6 8. Be3 Be7 9. Be2 0-0 10. 0-0 b6 11. Nb3 Rb8 12. Rc1 Ne5 13. f4 Nxc4 14. Bxc4 Qxc4 15. Nd5 Nxd5 16. Rxc4 Nxe3 17. Qd3 Nxc4 18. Qxc4 Bb7 19. Qd3 d5 20. e5 Rfc8 21. f5 exf5 22. Qxf5 Rf8 23. Qd7 Bg5 24. Kh1 Be3 25. h4 Bc8 26. Qxd5 Be6 27. Qe4 Bc5 28. Nc1 Be7 29. Ne2 Rbc8 30. Nd4 Bc4 31. Nf5 Rfe8 32. Rc1 b5 33. b3 Bxa3 34. Qg4 g6 35. Ra1 Be6 36. Nh6+ Kg7 37. Qf4 Be7 38. Rxa6 Bxb3 39. Ng4 Kh8 40. Ra7 Bf8 41. Nf6 Red8 42. Qf3 Be6 43. h5 Rc4 44. Kh2 b4 45. hxg6 hxg6 46. Qg3 Bg7 47. Rxf7 Bf5 48. Qg5 1-0

[Event "IND-chT (Women) 9th"]
[Site "Cochin"]
[Date "2011.02.24"]
[Round "3"]
[White "Visalatchi, R."]
[Black "Mahalakshmi, Muganda Kumar"]
[Result "1-0"]
[WhiteElo "1905"]
[BlackElo "1867"]
[PlyCount "97"]
[EventDate "2011.02.22"]
[EventType "team-swiss"]
[EventRounds "7"]
[EventCountry "IND"]
[SourceTitle "CBM 141 Extra"]
[Source "ChessBase"]
[SourceDate "2011.05.03"]
[SourceVersion "1"]
[SourceVersionDate "2011.05.03"]
[SourceQuality "1"]
[WhiteTeam "TN State (W)"]
[BlackTeam "Chess Gurukul (W)"]
[WhiteTeamCountry "IND"]
[BlackTeamCountry "IND"]

1. c4 e5 2. Nc3 Nf6 3. g3 Nc6 4. Bg2 Bc5 5. Nf3 d6 6. 0-0 0-0 7. d3 Re8 8. b3 Bg4 9. Bb2 a6 10. Rc1 Rb8 11. Qd2 Qd7 12. Nd5 Nxd5 13. cxd5 Bxf3 14. Bxf3 Ne7 15. Rc2 Ng6 16. Bg2 f5 17. d4 Bxd4 18. Bxd4 exd4 19. Qxd4 f4 20. Rfc1 Re7 21. Bf3 Ne5 22. Qxf4 Rf8 23. Qh4 c5 24. dxc6 bxc6 25. Bxc6 Qa7 26. Bd5+ Kh8 27. Rf1 Ng6 28. Qb4 Qd7 29. Bg2 h6 30. Rd2 Rf6 31. Rfd1 Qa7 32. e3 Ref7 33. Be4 Nf8 34. Rf1 a5 35. Qd4 Qd7 36. Bg2 Ng6 37. Qb6 a4 38. bxa4 Ne5 39. Qb5 Qa7 40. a5 Ng4 41. Qb6 Qe7 42. a6 d5 43. Qb3 Rxa6 44. Qxd5 Rf8 45. Qc4 Rg6 46. Qb3 Rgf6 47. a4 Qc5 48. Rc2 Qe5 49. h3 1-0

[Event "IND-chB (Women)"]
[Site "Shilpgram"]
[Date "2010.08.27"]
[Round "10"]
[White "Saranya, J."]
[Black "Visalatchi, R."]
[Result "1/2-1/2"]
[WhiteElo "2123"]
[BlackElo "1854"]
[PlyCount "166"]
[EventDate "2010.08.20"]
[EventType "swiss"]
[EventRounds "11"]
[EventCountry "IND"]
[SourceTitle "CBM 138 Extra"]
[Source "ChessBase"]
[SourceDate "2010.10.29"]
[SourceVersion "1"]
[SourceVersionDate "2010.10.29"]
[SourceQuality "1"]

1. e4 c5 2. Nf3 e6 3. d4 cxd4 4. Nxd4 a6 5. c4 Qc7 6. Nc3 b6 7. Be3 Bb7 8. Be2 Nf6 9. f3 d6 10. 0-0 Be7 11. Rc1 0-0 12. b4 Nbd7 13. Qe1 Qd8 14. Qf2 d5 15. exd5 exd5 16. a3 dxc4 17. Bxc4 Rc8 18. Bb3 a5 19. Na2 axb4 20. axb4 Nd5 21. Rfd1 Rxc1 22. Bxc1 Nxb4 23. Ne6 fxe6 24. Bxe6+ Kh8 25. Rxd7 Bc5 26. Be3 Qf6 27. Bxc5 bxc5 28. Nxb4 cxb4 29. Rxb7 Qxe6 30. Rxb4 Ra8 31. Rb1 h6 32. Re1 Qf6 33. h4 Rd8 34. Re4 h5 35. Qg3 Kh7 36. Re5 g6 37. Re4 Rd1+ 38. Kh2 Rd7 39. f4 Rf7 40. Rc4 Qe6 41. Rc3 Qf5 42. Rf3 Qd7 43. Qf2 Qf5 44. Qe3 Rc7 45. Rf2 Rd7 46. Re2 Rf7 47. g3 Rc7 48. Qd2 Rd7 49. Qc3 Qf7 50. Qb4 Ra7 51. Qb2 Rb7 52. Qe5 Ra7 53. Qb2 Rb7 54. Qd2 Rd7 55. Qe1 Ra7 56. Qf2 Ra1 57. Qg2 Ra7 58. Rd2 Ra3 59. Rb2 Ra7 60. Rf2 Ra3 61. Kh3 Qf5+ 62. Kh2 Qf7 63. Rb2 Ra7 64. Qc2 Rc7 65. Qe4 Re7 66. Qf3 Ra7 67. Qf2 Ra1 68. Qd2 Ra7 69. Qg2 Rc7 70. Rd2 Ra7 71. Qd5 Qxd5 72. Rxd5 Ra2+ 73. Kh3 Kg7 74. Rd6 Kf7 75. f5 gxf5 76. Rh6 Ra3 77. Kg2 f4 78. gxf4 Ra2+ 79. Kf3 Ra3+ 80. Ke4 Ra4+ 81. Ke5 Ra5+ 82. Ke4 Ra4+ 83. Ke5 Ra5+ 1/2-1/2

[Event "IND-chB (Women)"]
[Site "Shilpgram"]
[Date "2010.08.22"]
[Round "4"]
[White "Pratyusha, Bodda"]
[Black "Visalatchi, R."]
[Result "1/2-1/2"]
[WhiteElo "2073"]
[BlackElo "1854"]
[PlyCount "81"]
[EventDate "2010.08.20"]
[EventType "swiss"]
[EventRounds "11"]
[EventCountry "IND"]
[SourceTitle "CBM 138 Extra"]
[Source "ChessBase"]
[SourceDate "2010.10.29"]
[SourceVersion "1"]
[SourceVersionDate "2010.10.29"]
[SourceQuality "1"]

1. e4 c5 2. Nc3 Nc6 3. Bb5 d6 4. Bxc6+ bxc6 5. f4 e6 6. Nf3 Nf6 7. d3 Ba6 8. b3 Rb8 9. 0-0 Be7 10. Bd2 0-0 11. e5 Nd5 12. Ne4 f6 13. exd6 Bxd6 14. Nxd6 Qxd6 15. Nh4 Ne7 16. Kh1 Ng6 17. Qg4 Nxh4 18. Qxh4 c4 19. bxc4 Bxc4 20. f5 Ba6 21. Rf3 e5 22. Rh3 h6 23. Re1 Rf7 24. Rg3 Kf8 25. Qg4 c5 26. Qg6 Rb2 27. Bf4 exf4 28. Qh7 Qe5 29. Qh8+ Ke7 30. Rxe5+ fxe5 31. Kg1 fxg3 32. hxg3 Rb6 33. g4 c4 34. Qa8 Rb7 35. Qh8 cxd3 36. cxd3 Bxd3 37. Qc8 Rd7 38. Qc5+ Ke8 39. Qxe5+ Rfe7 40. Qb8+ Rd8 41. Qb3 1/2-1/2